000 00409nam a2200169Ia 4500
001 36033
003 IN-NITTTR
005 20251114233434.0
008 251113s9999||||xx |||||||||||||| ||eng||
040 _beng
040 _cIN-NITTTR
041 _aeng
082 _aTK2945.L58
100 _aWu, Yuping
245 0 _aLithium-Ion Batteries :
_b Fundamentals and Applications /
_cWu, Yuping
942 _2ddc
_cBK
999 _c35401
_d35401